Ciencia y revolución /

Guardat en:
Dades bibliogràfiques
Autor principal: Sánchez Vázquez, Adolfo (autor)
Format: Llibre
Idioma:espanyol
Publicat: México : Grijalbo, 1983, c1983
Col·lecció:(Enlace)
Matèries:
Etiquetes: Afegir etiqueta
Sense etiquetes, Sigues el primer a etiquetar aquest registre!

MARC

LEADER 00000nam^a2200000^a^4500
001 000261787
005 20250521000000.0
009 20260310110521.506
020 |a 968-419-341-6 
037 |a Acervo Xavier Clavigero 
041 |a ESP 
082 |a 146. 32  |b SAN 
100 |a Sánchez Vázquez, Adolfo  |e (autor) 
240 1 1 |a [Ciencia y revolución] 
245 1 0 |a Ciencia y revolución /  |c A. Sánchez Vázquez ; pról. de Bernardo Lima. 
264 4 |a México :  |b Grijalbo,  |c 1983, c1983 
300 |a 220 p. 
336 |a texto  |b txt  |2 rdacontenido 
337 |a sin mediación  |b n  |2 rdamedio 
338 |a volumen  |b nc  |2 rdasoporte 
440 1 |a (Enlace) 
649 |a XX 
650 |a Filósofos Franceses 
650 |a Ideología 
650 |a Epistemología 
650 |a Filosofía de la Praxis 
650 |a Política -  |x Teoría 
650 |a Marxismo -  |x Historia y Crítica 
650 |a Comunismo -  |x Historia y Crítica 
650 |a Filosofía del Siglo XX -  |x Historia y Crítica 
650 |a Althusser, Louis -  |x Tema Principal 
910 |a Fondo General 
920 |a Impresos - Libros 
930 |a Colección General 
905 |a 101 
901 |a 038707  |b IT1  |c ACC  |u 20250521 
901 |a 003156  |b IT1  |c ACC  |u 20250521 
901 |a 009347  |b IT1  |c ACC  |u 20250521 
902 |a https://opac.biblio.iteso.mx/vufind/Record/000261787